Statistiques concernant Français Les univerbations ?

Cliquez ici pour prendre le quiz!

Statistiques générales

  • Ce quiz a été pris 8 fois
  • Le résultat moyen est 4 sur 26

Statistiques - réponses

Langue d'origineDéfinitionMot% Correct
FrançaisInstrument à ventHautbois
50%
FrançaisPas de bolMalchance
50%
FrançaisEn tous lieuxPartout
50%
FrançaisDans quelle intention ?Pourquoi
50%
FrançaisEtui à papiersPortefeuille
38%
FrançaisContient la mitraillePortemonnaie
38%
FrançaisHomme arméGendarme
25%
FrançaisAprès aujourd'huiLendemain
25%
FrançaisVin perduVinaigre
25%
LatinComplète satisfactionBonheur
13%
FrançaisNobleGentilhomme
13%
FrançaisOriginellement femme de qualitéMadame
13%
LatinMauvaise destinéeMalheur
13%
FrançaisHaricotMangetout
13%
FrançaisColline royaleMontréal
13%
LatinPasser au-dessusSurvoler
13%
ItalienAux armesAlarme
0%
FrançaisPeu aviséBonhomme
0%
LatinA l'avenirDorénavant
0%
FrançaisDans une bonne conditionEmbonpoint
0%
FrançaisCocotteFaitout
0%
FrançaisAvant le mariageMademoiselle
0%
FrançaisCurieuxMêletout
0%
FrançaisAutrefois titre des hommes de haut rangMonsieur
0%
FrançaisEmetteur aide à la navigationRadiophare
0%
FrançaisFainéantVaurien
0%

Distribution des résultats

Percentile par nombre de réponses

% des personnes avec chaque résultat

Votre développement - résultats

Vous n’avez pas pris ce quiz